[Event "Nuremberg Zabo op 08th"]
[Site "Nuremberg"]
[Date "2006.09.24"]
[Round "5"]
[White "Bruder, Heinz"]
[Black "Flunk, Thomas"]
[Result "1/2-1/2"]
[WhiteElo "1610"]
[BlackElo "1452"]
[PlyCount "22"]
[EventDate "2006.09.22"]
[EventType "swiss"]
[EventRounds "5"]
[EventCountry "GER"]
[SourceTitle "EXT 2018"]
[Source "ChessBase"]
[SourceDate "2017.10.13"]
[SourceVersion "1"]
[SourceVersionDate "2017.10.13"]
[SourceQuality "1"]

1. e4 c5 2. f4 d6 3. c3 e6 4. d4 cxd4 5. cxd4 Nf6 6. Nc3 Be7 7. Nf3 a6 8. h3 Nh5 9. Ne2 Bh4+ 10. Kd2 Ng3 11. Nxh4 Qxh4 1/2-1/2

[Event "Nuremberg-ch op 06th"]
[Site "Nuremberg"]
[Date "2006.06.03"]
[Round "3.54"]
[White "Bank, Matthias"]
[Black "Flunk, Thomas"]
[Result "0-1"]
[WhiteElo "1153"]
[BlackElo "1424"]
[PlyCount "40"]
[EventDate "2006.06.02"]
[EventType "swiss"]
[EventRounds "5"]
[EventCountry "GER"]
[SourceTitle "EXT 2007"]
[Source "ChessBase"]
[SourceDate "2006.11.23"]
[SourceVersion "1"]
[SourceVersionDate "2006.11.23"]
[SourceQuality "1"]

1. e4 c5 2. Nf3 d6 3. d4 cxd4 4. Nxd4 Nf6 5. Nc3 e6 6. Bg5 Be7 7. Qd2 a6 8. 0-0-0 Qc7 9. g3 b5 10. Bg2 Bb7 11. Rhe1 Nbd7 12. f4 h6 13. Bxf6 Bxf6 14. f5 Bg5 15. Re3 Bxe3 16. Qxe3 e5 17. f6 exd4 18. Qxd4 Nxf6 19. e5 dxe5 20. Nd5 Nxd5 0-1

[Event "Nuremberg-ch op 06th"]
[Site "Nuremberg"]
[Date "2006.06.02"]
[Round "1.37"]
[White "Amrehn, Fred"]
[Black "Flunk, Thomas"]
[Result "1-0"]
[WhiteElo "1930"]
[BlackElo "1424"]
[PlyCount "93"]
[EventDate "2006.06.02"]
[EventType "swiss"]
[EventRounds "5"]
[EventCountry "GER"]
[SourceTitle "EXT 2007"]
[Source "ChessBase"]
[SourceDate "2006.11.23"]
[SourceVersion "1"]
[SourceVersionDate "2006.11.23"]
[SourceQuality "1"]

1. Nf3 Nf6 2. c4 e6 3. e3 c6 4. Nc3 d5 5. d4 Nbd7 6. Qc2 Be7 7. b3 0-0 8. Bd3 h6 9. Bb2 b6 10. 0-0 Bb7 11. cxd5 cxd5 12. Qe2 Rc8 13. Rac1 Nb8 14. Ne5 Nfd7 15. Nxd7 Qxd7 16. e4 dxe4 17. Nxe4 Nc6 18. Bb1 Nb4 19. Rfe1 Nd5 20. Rcd1 Rfd8 21. a3 Qc6 22. f3 a5 23. Qd3 g6 24. Nf2 Nf6 25. Qe3 Kh7 26. Nd3 Nd5 27. Qd2 Bf6 28. Ne5 Qc7 29. f4 Ba6 30. Qf2 Kg7 31. Qg3 Ne7 32. Qh3 Rd6 33. Ng4 Ng8 34. Nxf6 Nxf6 35. d5 exd5 36. Be5 Qc5+ 37. Kh1 Rdd8 38. Bxf6+ Kxf6 39. Qxh6 Qxa3 40. Qg5+ Kg7 41. f5 Qd6 42. fxg6 f6 43. Qe3 d4 44. Qe7+ Qxe7 45. Rxe7+ Kh6 46. h4 Rb8 47. Rh7# 1-0

[Event "Nuremberg Zabo op 07th"]
[Site "Nuremberg"]
[Date "2005.09.25"]
[Round "5"]
[White "Flunk, Thomas"]
[Black "Bobzin, Johannes"]
[Result "0-1"]
[WhiteElo "1425"]
[BlackElo "1656"]
[PlyCount "100"]
[EventDate "2005.09.23"]
[EventType "swiss"]
[EventRounds "5"]
[EventCountry "GER"]
[SourceTitle "EXT 2012"]
[Source "ChessBase"]
[SourceDate "2011.11.24"]
[SourceVersion "1"]
[SourceVersionDate "2011.11.24"]
[SourceQuality "1"]

1. d4 d5 2. c4 dxc4 3. Nc3 e5 4. e3 exd4 5. exd4 Nf6 6. Bxc4 Be7 7. Nge2 Nbd7 8. 0-0 Nb6 9. Qb3 Nxc4 10. Qxc4 0-0 11. Re1 c6 12. b3 Be6 13. Qd3 Qd7 14. Be3 Bd5 15. Qd1 Bb4 16. a3 Bd6 17. Ng3 Be6 18. b4 Nd5 19. Nce4 f5 20. Nxd6 Qxd6 21. Rc1 Nf6 22. Qe2 Bd7 23. Qd2 Nd5 24. f4 Rae8 25. Qf2 Nxe3 26. Rxe3 Qxd4 27. Rxe8 Qxf2+ 28. Kxf2 Rxe8 29. Rc5 g6 30. Ne2 Be6 31. Nc3 Rd8 32. Ke3 Kf7 33. Re5 Bc4 34. Kf3 Rd2 35. h3 Bd5+ 36. Nxd5 Rxd5 37. Rxd5 cxd5 38. Ke3 Ke6 39. Kd4 Kd6 40. a4 a6 41. g3 b6 42. h4 a5 43. bxa5 bxa5 44. Kc3 Kc5 45. Kb3 Kd4 46. Kc2 Kc4 47. Kb2 Kd3 48. Kc1 Ke2 49. Kc2 d4 50. Kc1 d3 0-1

[Event "Nuremberg Zabo op 07th"]
[Site "Nuremberg"]
[Date "2005.09.23"]
[Round "1"]
[White "Flunk, Thomas"]
[Black "Leuschner, Guenter"]
[Result "0-1"]
[WhiteElo "1425"]
[BlackElo "1808"]
[PlyCount "82"]
[EventDate "2005.09.23"]
[EventType "swiss"]
[EventRounds "5"]
[EventCountry "GER"]
[SourceTitle "EXT 2012"]
[Source "ChessBase"]
[SourceDate "2011.11.24"]
[SourceVersion "1"]
[SourceVersionDate "2011.11.24"]
[SourceQuality "1"]

1. d4 Nf6 2. c4 e6 3. Nc3 b6 4. Bg5 Be7 5. Nf3 Bb7 6. e3 0-0 7. Be2 Re8 8. 0-0 d6 9. Nd2 Nbd7 10. Bf3 c6 11. Re1 Qc7 12. Nde4 h6 13. Nxf6+ Nxf6 14. Bf4 Rad8 15. Qc2 Bf8 16. Rad1 e5 17. dxe5 dxe5 18. Bg3 Bc8 19. a3 Be6 20. Be2 g6 21. Ne4 Nxe4 22. Qxe4 Bf5 23. Qh4 Bg7 24. e4 g5 25. Qh5 Bxe4 26. h4 Bg6 27. Qg4 Qe7 28. b4 f5 29. Qf3 f4 30. Bh2 e4 31. Qg4 Qf6 32. hxg5 hxg5 33. Qh3 Qc3 34. Ra1 Qxh3 35. gxh3 Bxa1 36. Rxa1 Rd2 37. Bg4 e3 38. fxe3 Rxe3 39. h4 f3 40. hxg5 Rg2+ 41. Kh1 Rxg4 0-1

[Event "Nuremberg-ch op 05th"]
[Site "Nuremberg"]
[Date "2005.05.07"]
[Round "2"]
[White "Werner, Thomas1111"]
[Black "Flunk, Thomas"]
[Result "1-0"]
[WhiteElo "1869"]
[BlackElo "1462"]
[PlyCount "69"]
[EventDate "2005.05.06"]
[EventType "swiss"]
[EventRounds "5"]
[EventCountry "GER"]
[SourceTitle "EXT 2007"]
[Source "ChessBase"]
[SourceDate "2006.11.23"]
[SourceVersion "1"]
[SourceVersionDate "2006.11.23"]
[SourceQuality "1"]

1. d4 Nf6 2. c4 e6 3. Nf3 b6 4. g3 Bb7 5. Bg2 Be7 6. 0-0 0-0 7. Nc3 c5 8. d5 exd5 9. cxd5 d6 10. a4 Na6 11. e4 Nb4 12. Re1 Qd7 13. Bf1 a6 14. Nd2 Qc7 15. Nc4 Nd7 16. f4 b5 17. axb5 Nb6 18. Nxb6 Qxb6 19. bxa6 Bxa6 20. Bxa6 Rxa6 21. Rxa6 Qxa6 22. e5 Ra8 23. Be3 Nd3 24. Re2 Rb8 25. Qa4 Qb6 26. exd6 Bxd6 27. Ne4 Nxb2 28. Qc6 Qxc6 29. dxc6 Bc7 30. Bxc5 Nd3 31. Bd6 Rb1+ 32. Kg2 Ne1+ 33. Kh3 Bxd6 34. Nxd6 Rc1 35. Re8# 1-0

[Event "Nuremberg-ch op 04th"]
[Site "Nuremberg"]
[Date "2004.05.23"]
[Round "4"]
[White "Giering, Goetz"]
[Black "Flunk, Thomas"]
[Result "0-1"]
[WhiteElo "872"]
[BlackElo "1411"]
[PlyCount "98"]
[EventDate "2004.05.21"]
[EventType "swiss"]
[EventRounds "5"]
[EventCountry "GER"]
[SourceTitle "EXT 2006"]
[Source "ChessBase"]
[SourceDate "2005.11.24"]
[SourceVersion "1"]
[SourceVersionDate "2005.11.24"]
[SourceQuality "1"]

1. e4 e5 2. Nf3 Nc6 3. Nc3 Nf6 4. d4 Bb4 5. Qd3 d6 6. Bd2 0-0 7. a3 Ba5 8. b4 Bb6 9. d5 Nd4 10. Nxd4 Bxd4 11. Be2 c6 12. Bf3 cxd5 13. exd5 Re8 14. Rd1 Bg4 15. 0-0 Rc8 16. Ne4 Bxf3 17. gxf3 h6 18. c3 Bb6 19. Rde1 Nh5 20. Ng3 Nxg3 21. hxg3 Qd7 22. g4 Bd8 23. f4 Qxg4+ 24. Kh2 Bf6 25. Rg1 Qh5+ 26. Kg2 exf4 27. Rxe8+ Rxe8 28. f3 Be5 29. Re1 Qg5+ 30. Kf1 Qg3 31. Re4 g5 32. Ke2 f5 33. Rc4 Bxc3+ 34. Kd1 Bxd2 35. Qd4 Qe1+ 36. Kc2 Qc1+ 37. Kb3 Qd1+ 38. Kb2 Bc1+ 39. Ka2 Re2+ 40. Kb1 Rb2+ 41. Ka1 Qb3 42. Rc8+ Kf7 43. Rc7+ Kg6 44. Rg7+ Kh5 45. Rxg5+ Kh4 46. Rg4+ Kh3 47. Rh4+ Kxh4 48. Qf6+ Kg3 49. Qg7+ Kxf3 0-1

[Event "Nuremberg-ch op 04th"]
[Site "Nuremberg"]
[Date "2004.05.22"]
[Round "2"]
[White "Flunk, Thomas"]
[Black "Bauer, Robert"]
[Result "0-1"]
[WhiteElo "1411"]
[BlackElo "1683"]
[PlyCount "98"]
[EventDate "2004.05.21"]
[EventType "swiss"]
[EventRounds "5"]
[EventCountry "GER"]
[SourceTitle "EXT 2006"]
[Source "ChessBase"]
[SourceDate "2005.11.24"]
[SourceVersion "1"]
[SourceVersionDate "2005.11.24"]
[SourceQuality "1"]

1. e4 c5 2. Nf3 d6 3. d4 cxd4 4. Nxd4 Nf6 5. Nc3 g6 6. Bg5 Bg7 7. Bc4 Nc6 8. Nxc6 bxc6 9. 0-0 0-0 10. Re1 Nd7 11. Qd2 Ne5 12. Bb3 Ba6 13. Re3 Nc4 14. Bxc4 Bxc4 15. Rh3 Be6 16. Rh4 f6 17. Bh6 g5 18. Bxg7 Kxg7 19. Rh5 Bg4 20. Rxg5+ fxg5 21. Qxg5+ Kh8 22. Qxg4 Qb6 23. Nd1 Qd4 24. Qe2 Rf4 25. Nc3 Rb8 26. Rd1 Qb4 27. Qe3 Rbf8 28. f3 Qxb2 29. Ne2 R4f7 30. Nd4 c5 31. Ne6 Rb8 32. Ng5 Rf6 33. Qd3 Qxa2 34. e5 Rg6 35. Qf5 Rxg5 36. Qxg5 Qxc2 37. Rc1 Rb1 38. Rxb1 Qxb1+ 39. Kf2 Qb2+ 40. Kg3 Qxe5+ 41. Qxe5+ dxe5 42. Kf2 Kg7 43. Ke2 Kf6 44. Kd3 Kf5 45. g3 c4+ 46. Kxc4 e4 47. f4 a5 48. Kb5 e3 49. Kxa5 e2 0-1

[Event "Nuremberg-ch op 04th"]
[Site "Nuremberg"]
[Date "2004.05.22"]
[Round "3"]
[White "Weissmann, Peter"]
[Black "Flunk, Thomas"]
[Result "1-0"]
[WhiteElo "1739"]
[BlackElo "1411"]
[PlyCount "49"]
[EventDate "2004.05.21"]
[EventType "swiss"]
[EventRounds "5"]
[EventCountry "GER"]
[SourceTitle "EXT 2006"]
[Source "ChessBase"]
[SourceDate "2005.11.24"]
[SourceVersion "1"]
[SourceVersionDate "2005.11.24"]
[SourceQuality "1"]

1. e4 e6 2. d4 d5 3. Nc3 c5 4. exd5 exd5 5. Bb5+ Bd7 6. Qe2+ Qe7 7. Nxd5 Qxe2+ 8. Nxe2 Kd8 9. Bxd7 Nxd7 10. Be3 Rc8 11. 0-0-0 Ne7 12. dxc5 Nf5 13. Bg5+ Ke8 14. Rhe1 f6 15. Ng3+ Ne7 16. Bf4 Nb8 17. Nf5 Nbc6 18. Bd6 Kf7 19. Nfxe7 Nxe7 20. Nxe7 Bxe7 21. Rxe7+ Kg6 22. Rd3 h5 23. Rg3+ Kh7 24. Rexg7+ Kh6 25. R3g6# 1-0

[Event "Mittelfranken-ch QT 53rd"]
[Site "Lauf"]
[Date "2004.04.10"]
[Round "7"]
[White "Kurze, Peter"]
[Black "Flunk, Thomas"]
[Result "0-1"]
[WhiteElo "1672"]
[BlackElo "1383"]
[PlyCount "102"]
[EventDate "2004.04.07"]
[EventType "swiss"]
[EventRounds "7"]
[EventCountry "GER"]
[SourceTitle "EXT 2015"]
[Source "ChessBase"]
[SourceDate "2014.11.20"]
[SourceVersion "1"]
[SourceVersionDate "2014.11.20"]
[SourceQuality "1"]

1. d4 Nf6 2. c4 e5 3. dxe5 Ng4 4. Bf4 Bb4+ 5. Nc3 Nc6 6. Nf3 Qe7 7. Qd5 Bxc3+ 8. bxc3 Qa3 9. Qd2 Qc5 10. e3 Ngxe5 11. Nxe5 Nxe5 12. Qd5 Qxd5 13. cxd5 d6 14. Bb5+ Bd7 15. Bxe5 dxe5 16. Bxd7+ Kxd7 17. e4 Rad8 18. 0-0 Kc8 19. c4 h5 20. h3 g5 21. g3 Rhf8 22. c5 f5 23. f3 f4 24. Kg2 fxg3 25. Kxg3 h4+ 26. Kg4 Rf4+ 27. Kxg5 Rg8+ 28. Kh6 Rh8+ 29. Kg7 Rhf8 30. c6 b6 31. Rad1 R8f6 32. Rg1 Rf7+ 33. Kh8 Rf8+ 34. Rg8 Rxf3 35. Rdg1 Kd8 36. R1g7 a5 37. Rd7+ Kc8 38. Rxf8+ Rxf8+ 39. Kg7 Rf3 40. Re7 Kd8 41. Rxe5 Rxh3 42. Rh5 Ke7 43. e5 Rg3+ 44. Kh8 h3 45. Rh7+ Kf8 46. Rh5 Rg8+ 47. Kh7 Rg7+ 48. Kh6 Kg8 49. Rf5 h2 50. Rf1 Rg1 51. Rxg1+ hxg1Q 0-1